01015nam a2200277 a 4500001000200000003000900002005001700011008004100028040002500069082003100094100004500125245009100170250001200261260005100273300002600324490003100350500007300381590002600454650002400480650002700504700004200531910001400573942001200587952012100599999001700720 DO-SdBNP20210906081719.0091118s1977 dr r 000 0 spa d aDO-SdBNPbspacBPMSU aRD863. 44bR696c, 19772221 aRodríguez Demorizi, Emilio,d1908-198610aCuentos de política criolla / :bEmilio Rodríquez Demorizi ; prólogo Juan Bosch. a2a. ed. aSanto Domingo :bLibrería Dominicana,c1977. a240, [3] p. ;c19 cm.0 aPensamiento dominicanov28 aIncluye referencias bibliográficas y notas al pie de las páginas aInventariado, 2019/BT 4aCuentos dominicanos 0aLiteratura dominicana.1 a Bosch, Juan, d1909-2001epról.91 aVMateo V. 2ddccBK 00102ddc40708CDaBPMETbBPMETd2021-09-06oBPMSU CD RD863.44 R696c 1977pBPM21090052r2021-09-06w2021-09-06yBK c13719d13719